000 00551nam a2200145Ia 4500
008 100204s9999 xx 000 0 und d
082 _b8597
100 _aपेंडसे शांता
245 _aसुलभ विज्ञान माला - अग्नी
260 _b"व्हिनस प्रकाशन, पुणे"
_c1967
300 _a21
630 _aसुलभ विज्ञान माला - अग्नी
730 _aसुलभ विज्ञान माला - अग्नी
942 _cBOOK
999 _c453033
_d453030